La alfombra magica / (Record no. 29252)

MARC details
000 -LEADER
fixed length control field 00514 a2200193 4500
003 - CONTROL NUMBER IDENTIFIER
control field sjds
005 - DATE AND TIME OF LATEST TRANSACTION
control field 20240309203503.0
008 - FIXED-LENGTH DATA ELEMENTS--GENERAL INFORMATION
fixed length control field 240309b |||||||| |||| 00| 0 spa d
020 ## - INTERNATIONAL STANDARD BOOK NUMBER
International Standard Book Number 9788449432361
020 ## - INTERNATIONAL STANDARD BOOK NUMBER
International Standard Book Number 8449432367
040 ## - CATALOGING SOURCE
Transcribing agency sjds
041 ## - LANGUAGE CODE
Language code of text/sound track or separate title spa
100 ## - MAIN ENTRY--PERSONAL NAME
Personal name Hernandez, Miguel Jimenez
245 13 - TITLE STATEMENT
Title La alfombra magica /
Statement of responsibility, etc. Miguel Jimenez Hernandez
246 ## - VARYING FORM OF TITLE
Title proper/short title La alfombra magica /
260 ## - PUBLICATION, DISTRIBUTION, ETC. (IMPRINT)
Place of publication, distribution, etc. [Mexioc?] :
Name of publisher, distributor, etc. Oceano De Mexico
Date of publication, distribution, etc. 2006
300 ## - PHYSICAL DESCRIPTION
Extent 41 pages :
Other physical details color illustrations
942 ## - ADDED ENTRY ELEMENTS (KOHA)
Koha item type Libro/Book
Holdings
Withdrawn status Lost status Damaged status Not for loan Home library Current library Date acquired Total Checkouts Barcode Checked out Date last seen Date checked out Price effective from Koha item type
        San Juan Del Sur -- Mobile Cardenas 03/03/2024 1 33016081 11/04/2024 07/03/2024 07/03/2024 03/03/2024 Libro/Book

Powered by Koha